Statistics for GUESS THE THINGS I LIKE

Click here to take the quiz!

General Stats

  • This quiz has been taken 5 times
  • The average score is 7 of 16

Answer Stats

Answer% Correct
STATES
100%
UNITED STATES
100%
COUNTRY STATES
80%
ALARMS
60%
MORE ALARMS
60%
COUNTRY ALARMS
40%
QUARTERS
40%
COMMANDER 3
20%
COMMANDER 3
20%
COMMANDER 4
20%
COMMANDER 4
20%
COMMANDER 4
20%
COMMANDER 4s AND 3s
20%
GENTEX
20%
GENTEX COMMANDER 3s
20%
LENS
20%

Score Distribution

Percentile by Number Answered

Percent of People with Each Score

Your Score History

You have not taken this quiz